Stavebno-technologický projekt pre stavbu Bytové domy Mlynské nivy, Bratislava

Na minha lista:
Detalhes bibliográficos
Autor principal: Zelina, Matej (Author)
Outros Autores: Bisták, Andrej (Thesis advisor)
Formato: Manuscrito Livro
Idioma:eslovaco
Publicado em: 2023
Assuntos:
Acesso em linha:http://is.stuba.sk/zp/portal_zp.pl?podrobnosti=169894
https://opac.crzp.sk/?fn=detailBiblioForm&sid=C0DEB8E07572332BAC210815805F
Tags: Adicionar Tag
Sem tags, seja o primeiro a adicionar uma tag!

MARC

LEADER 00000ntm a22000003a 4500
001 stuzp93936
003 SK-STU
005 20230925094748.5
007 ta
008 150427s2015----xo-----f-mn---000-0-slo-d
040 |a STU  |b slo 
041 0 |a slo 
100 1 |a Zelina, Matej  |u 010270  |4 aut  |U SvF Stavebná fakulta  |T SvF Katedra technológie stavieb  |X 93829  |U V270  |Y 28  |7 93829 
242 0 1 |a Building Technology Project: Residential Houses Mlynské nivy, Bratislava  |y eng 
245 1 0 |a Stavebno-technologický projekt pre stavbu Bytové domy Mlynské nivy, Bratislava 
260 |c 2023 
650 4 |a Bytové domy Mlynské Nivy  |2 slo 
650 4 |a Projekt zariadenia staveniska  |2 slo 
650 4 |a Jednoplášťová plochá strecha  |2 slo 
650 4 |a Mlynské Nivy apartment buildings  |2 eng 
650 4 |a Construction site equipment project  |2 eng 
650 4 |a Single-layer flat roof  |2 eng 
700 1 |a Bisták, Andrej  |u 010906  |k Z7  |4 ths  |U SvF Oddelenie projektov a vonkajších vzťahov  |T SvF Oddelenie vzťahov s verejnosťou  |X 66824  |U 010906  |Y 188  |7 A000066824 
856 4 |u http://is.stuba.sk/zp/portal_zp.pl?podrobnosti=169894 
856 4 |u https://opac.crzp.sk/?fn=detailBiblioForm&sid=C0DEB8E07572332BAC210815805F